000
00247nam a2200085Ia 4500
008
170620s9999 xx 000 0 und d
100
_a
Bala- Jampala Madhu
245
0
_a
Methods of Teaching Exceptional Children
260
_b
New Delhi- Discovery Publishing House
260
_c
2004
999
_c
24459
_d
24459